000 00166nam a22000857a 4500
245 _aIntroductory Microeconomics
260 _b2024
_c90
300 _a90
942 _2ddc
_cSB
999 _c8218
_d8218